Understanding Statistics (Record no. 6628)

MARC details
005 - DATE AND TIME OF LATEST TRANSACTION
control field 20250709074443.0
020 ## - INTERNATIONAL STANDARD BOOK NUMBER
International Standard Book Number 978-1-444-10504-9
082 ## - DEWEY DECIMAL CLASSIFICATION NUMBER
Classification number 519.5 GRA
100 ## - MAIN ENTRY--PERSONAL NAME
Author name GRAHAM, A
245 ## - TITLE STATEMENT
Title Understanding Statistics
260 ## - PUBLICATION, DISTRIBUTION, ETC.
Place of publication, distribution, etc. London
Name of publisher, distributor, etc. Harper
Date of publication, distribution, etc. 2010
300 ## - PHYSICAL DESCRIPTION
Extent 360p.;ill
Dimensions 20cm.
942 ## - ADDED ENTRY ELEMENTS (KOHA)
Source of classification or shelving scheme Dewey Decimal Classification
Koha item type Books
Holdings
Date last seen Total checkouts Full call number Barcode Cost, replacement price Price effective from Koha item type Lost status Source of classification or shelving scheme Damaged status Not for loan Withdrawn status Home library Current library Shelving location Date acquired Source of acquisition Cost, normal purchase price
07/09/2025   519.5 GRA MZA0003023 90000.00 07/04/2024 Books   Dewey Decimal Classification       CBE Mwanza CBE Mwanza General Collection 07/04/2024 Donation From TLSB 30000.00